header

Bioarchaeological science (Record no. 68854)

MARC details
000 -LEADER
fixed length control field 01520nam a2200397Ia 4500
082 04 - DEWEY DECIMAL CLASSIFICATION NUMBER
Classification number 930.1
100 1# - MAIN ENTRY--AUTHOR NAME
Personal name Weiss, Elizabeth.
245 10 - TITLE STATEMENT
Title Bioarchaeological science
260 ## - PUBLICATION, DISTRIBUTION, ETC. (IMPRINT)
Place of publication New York :
Name of publisher Nova Science Publishers,
Year of publication c2009.
300 ## - PHYSICAL DESCRIPTION
Number of Pages 152 p. :
Other physical details ill.
650 #0 - SUBJECT ADDED ENTRY--TOPICAL TERM
Topical Term Human remains (Archaeology)
Topical Term Human biology.
Topical Term Human remains (Archaeology)
Topical Term Bones
Topical Term Human skeleton
Topical Term Human ecology.
Topical Term Social ecology.
Topical Term Paleopathology.
856 40 - ELECTRONIC LOCATION AND ACCESS
Uniform Resource Identifier http://site.ebrary.com/lib/rucke/Doc?id=10662922

No items available.

© 2026 Rongo University
Contact us: librarian | system librarian | Rongo university